Metodiky vývoje a údržby informačních systémů kategorizace, agilní metodiky, vzory pro návrh metodiky

Salvato in:
Dettagli Bibliografici
Autore principale: Buchalcevová, Alena
Natura: Libro
Lingua:ceco
Pubblicazione: Praha GRADA Publishing 2005
Serie:Management v informační společnosti
Soggetti:
Tags: Aggiungi Tag
Nessun Tag, puoi essere il primo ad aggiungerne!!

MARC

LEADER 00000nam$a2200000$$$4500
001 0023138
005 20240306141531.6
020 |a 80-247-1075-7 
041 0 |a cze 
044 |a CZ 
245 1 0 |a Metodiky vývoje a údržby informačních systémů  |b kategorizace, agilní metodiky, vzory pro návrh metodiky  |c Alena Buchalcevová 
264 1 |a Praha  |b GRADA Publishing  |c 2005 
300 |a 163 s. 
490 1 |a Management v informační společnosti 
830 0 |a Management v informační společnosti 
610 2 0 |a systémy informačné 
610 2 0 |a technológie informačné 
610 2 0 |a technológie komunikačné 
610 2 0 |a metodika 
610 2 0 |a vývoj systémov 
100 1 |a Buchalcevová, Alena